Effect of ethephon concentration on yield and some physiological parameters of Hevea brasiliensis latex from controlled upward tapping on clone RRIM 600 (Record no. 57825)

MARC details
000 -LEADER
fixed length control field 00849nam a2200217Ia 4500
100 ## - MAIN ENTRY--AUTHOR NAME
Personal name Nghia N A
245 #0 - TITLE STATEMENT
Title Effect of ethephon concentration on yield and some physiological parameters of Hevea brasiliensis latex from controlled upward tapping on clone RRIM 600
260 ## - PUBLICATION, DISTRIBUTION, ETC. (IMPRINT)
Name of publisher IRRDB Symposium on Natural rubber(Hevea brasiliensis) V.II: Physiology and Exlpoitation and Crop Protection and Planting Methods Sessions, Vietnam, 14-15 October 1997; p46-60
650 ## - SUBJECT ADDED ENTRY--TOPICAL TERM
Topical Term Controlled upward tapping
650 ## - SUBJECT ADDED ENTRY--TOPICAL TERM
Topical Term Ethephon concentration
650 ## - SUBJECT ADDED ENTRY--TOPICAL TERM
Topical Term Hevea brasiliensis latex
650 ## - SUBJECT ADDED ENTRY--TOPICAL TERM
Topical Term Physiological parameters
650 ## - SUBJECT ADDED ENTRY--TOPICAL TERM
Topical Term RRIM 600
650 ## - SUBJECT ADDED ENTRY--TOPICAL TERM
Topical Term Yield
700 ## - ADDED ENTRY--PERSONAL NAME
Personal name Ghandimathi H
700 ## - ADDED ENTRY--PERSONAL NAME
Personal name Mihdzar Abdul Kadir
700 ## - ADDED ENTRY--PERSONAL NAME
Personal name Mohd Fauzi Ramlan
700 ## - ADDED ENTRY--PERSONAL NAME
Personal name Yeang H Y
942 ## - ADDED ENTRY ELEMENTS (KOHA)
Koha item type Journals
Holdings
Withdrawn status Lost status Damaged status Not for loan Home library Current library Shelving location Date acquired Koha item type
      Journals RRII Library RRII Library Physiology 17/12/2021 Journals